[Event "Schleswig Holstein-chB U16"]
[Site "?"]
[Date "2000.04.20"]
[Round "8"]
[White "Dargahpour Barough Arash"]
[Black "Diser Vitali"]
[Result "0-1"]
[WhiteElo "1089"]
[BlackElo "1293"]
[PlyCount "96"]
[EventDate "2000.??.??"]
[Source "www.chesslib.no"]
[SourceDate "2004.05.04"]

1. e4 e5 2. Nf3 Bc5 3. Nc3 d6 4. d4 exd4 5. Nxd4 Nf6 6. a3 Bxd4 7. Qxd4 Nc6 8. Bb5 Bd7 9. Bxc6 Bxc6 10. f3 h6 11. e5 dxe5 12. Qxe5+ Qe7 13. Qxe7+ Kxe7 14. O-O Rhe8 15. Bf4 Rac8 16. a4 a6 17. b4 Bd7 18. b5 a5 19. Rad1 b6 20. Be5 Bf5 21. Rd2 g5 22. g4 Be6 23. Rfd1 Nd7 24. Nd5+ Bxd5 25. Rxd5 Red8 26. Bg3 Nc5 27. Rxd8 Rxd8 28. Rxd8 Kxd8 29. Be5 Nxa4 30. Bg7 Ke7 31. Bxh6 f6 32. f4 Kf7 33. f5 Nc3 34. h4 Ne4 35. Kg2 gxh4 36. Bc1 Ng5 37. Ba3 Ne4 38. Kh3 Nd6 39. Kxh4 Nxb5 40. Bc1 Nd4 41. c3 Nc2 42. Bg5 fxg5+ 43. Kxg5 a4 44. Kh6 a3 45. g5 a2 46. g6+ Kg8 47. f6 a1=Q 48. f7+ Kf8 0-1

[Event "Gibtelecom Amateur 2"]
[Site "Gibraltar"]
[Date "2008.01.28"]
[Round "2"]
[White "Tari, Arjan"]
[Black "Ruiz, Jose Mari"]
[Result "1-0"]
[WhiteElo "1377"]
[BlackElo "1000"]
[PlyCount "65"]
[EventDate "2008.01.27"]
[Source "www.chesslib.no"]
[SourceDate "2004.05.04"]

1. e4 e5 2. Nf3 Bc5 3. Nxe5 Qf6 4. d4 d6 5. Nxf7 Qxf7 6. dxc5 dxc5 7. Nc3 Nf6 8. e5 Ng4 9. Qe2 Nc6 10. Be3 Nd4 11. Bxd4 cxd4 12. Nb5 d3 13. cxd3 a6 14. Nc3 Be6 15. d4 O-O-O 16. h3 Bc4 17. Qxg4+ Be6 18. Qe4 Rhf8 19. Qe3 Qf5 20. Bd3 Qf6 21. exf6 Rxf6 22. Ne4 Rf7 23. Ng5 Re7 24. Nxe6 Rde8 25. d5 Rd7 26. Bf5 Rxd5 27. Nc5+ Kb8 28. Qxe8+ Ka7 29. Nd7 Rxd7 30. Qxd7 g6 31. Qxc7 gxf5 32. O-O-O Ka8 33. Rd7 1-0

[Event "GER-ch U10"]
[Site "?"]
[Date "2001.06.04"]
[Round "3"]
[White "Klink Elina"]
[Black "Meyer Jens"]
[Result "1-0"]
[WhiteElo "1440"]
[BlackElo "900"]
[PlyCount "133"]
[EventDate "2001.??.??"]
[Source "www.chesslib.no"]
[SourceDate "2004.05.04"]

1. e4 e5 2. Nf3 Bd6 3. Bc4 Nf6 4. Nc3 Nc6 5. O-O b6 6. d3 h6 7. Be3 Ng4 8. Bd2 Be7 9. h3 Nf6 10. Ne2 a5 11. a4 d6 12. c3 Be6 13. Bb5 Bd7 14. Qb3 O-O 15. Bc4 Qc8 16. Kh2 Rb8 17. Nh4 Ng4+ 18. hxg4 Bxh4 19. f3 Qd8 20. Rh1 Bg5 21. Qc2 Bxd2 22. Qxd2 Be6 23. Bxe6 fxe6 24. Qe1 d5 25. Rd1 d4 26. c4 Nb4 27. Rd2 c6 28. Qg3 Qc7 29. Kg1 b5 30. Nxd4 bxa4 31. Nxe6 Qa7+ 32. Qf2 Qxf2+ 33. Kxf2 Rfe8 34. Nc5 Rbd8 35. Nxa4 Nxd3+ 36. Ke3 Nf4 37. g3 Rxd2 38. Kxd2 Rd8+ 39. Kc3 Rd3+ 40. Kc2 Rxf3 41. gxf4 Rxf4 42. Rg1 Rxe4 43. b3 Rf4 44. Nc5 e4 45. Kd2 g5 46. Ke3 Kf7 47. Nxe4 Ke6 48. Kd3 Ke5 49. Re1 Rf3+ 50. Kd2 Rf4 51. Nxg5+ Kf6 52. Ne4+ Kg6 53. Re3 Rxg4 54. Rg3 h5 55. Ke3 Rxg3+ 56. Nxg3 h4 57. Nh1 Kg5 58. Kd4 Kg4 59. Kc5 Kh3 60. Kxc6 Kg2 61. Kb7 h3 62. c5 Kxh1 63. c6 Kg1 64. c7 h2 65. c8=Q h1=Q+ 66. Kb6 Qh6+ 67. Kxa5 1-0

[Event "Corr"]
[Site "?"]
[Date "2001.06.11"]
[Round "?"]
[White "Hubbard Mark"]
[Black "Baysinger Judee"]
[Result "1-0"]
[WhiteElo "1106"]
[BlackElo "1200"]
[PlyCount "41"]
[EventDate "2001.??.??"]
[Source "www.chesslib.no"]
[SourceDate "2004.05.04"]

1. e4 e5 2. Nf3 b5 3. Bxb5 f6 4. d4 exd4 5. Nxd4 Bd6 6. Nc3 c6 7. Bc4 Qe7 8. Nf5 Qe5 9. Nxd6+ Kf8 10. Nf7 Qc5 11. Qd6+ Qxd6 12. Nxd6 Ne7 13. Nf7 Rg8 14. Nd6 a5 15. Bxg8 Kxg8 16. Nxc8 Nxc8 17. Bf4 d6 18. Rd1 a4 19. a3 Na6 20. Bxd6 Nxd6 21. Rxd6 1-0

[Event "Corr"]
[Site "?"]
[Date "1998.03.08"]
[Round "?"]
[White "Cornacchini Gabriele"]
[Black "Hughes Aubrey"]
[Result "1-0"]
[WhiteElo "1383"]
[BlackElo "907"]
[PlyCount "87"]
[EventDate "1998.??.??"]
[Source "www.chesslib.no"]
[SourceDate "2004.05.04"]

1. e4 e5 2. Nf3 c5 3. Nxe5 d6 4. Nf3 Bg4 5. d3 Nf6 6. Nc3 d5 7. exd5 Nxd5 8. Bd2 Nc6 9. Be2 Nd4 10. Nxd4 cxd4 11. Bxg4 dxc3 12. bxc3 Bc5 13. d4 Qe7+ 14. Qe2 O-O 15. dxc5 Rad8 16. O-O Qxc5 17. Qd3 Nf6 18. Be3 Qa3 19. Qc4 b5 20. Qxb5 Nxg4 21. Bc5 Rb8 22. Bxa3 Rxb5 23. Bxf8 Kxf8 24. Rab1 Rh5 25. Rfe1 g5 26. h3 Nf6 27. Rb7 Kg7 28. Rxa7 g4 29. hxg4 Nxg4 30. f3 Ne5 31. g4 Nxf3+ 32. Kf2 Nxe1 33. gxh5 Nxc2 34. a4 Na3 35. a5 Nb5 36. Rb7 Nxc3 37. a6 Kh6 38. a7 Ne4+ 39. Ke3 Ng5 40. a8=Q Kxh5 41. Qg8 Kg4 42. Rb4+ Kh5 43. Kf4 f6 44. Kf5 1-0

[Event "Corr"]
[Site "?"]
[Date "2000.10.01"]
[Round "?"]
[White "Holmes Nick"]
[Black "Ibbotson Mick"]
[Result "1-0"]
[WhiteElo "1479"]
[BlackElo "800"]
[PlyCount "83"]
[EventDate "2000.??.??"]
[Source "www.chesslib.no"]
[SourceDate "2004.05.04"]

1. e4 e5 2. Nf3 Bc5 3. Nc3 Nf6 4. Bc4 Ng4 5. O-O Bxf2+ 6. Rxf2 Nxf2 7. Kxf2 O-O 8. Nxe5 Qh4+ 9. Kg1 d6 10. Nf3 Qh5 11. d4 Nd7 12. Nb5 c5 13. Nxd6 Nb6 14. Bb3 Be6 15. Bxe6 fxe6 16. Nxb7 c4 17. Be3 Na4 18. Nc5 Nxb2 19. Qc1 c3 20. Nxe6 Qe8 21. Nxf8 Qxf8 22. d5 Nc4 23. Bd4 Re8 24. e5 a5 25. d6 Rd8 26. Bxc3 a4 27. Qg5 h6 28. Qg4 Ne3 29. Qe6+ Qf7 30. Qxf7+ Kxf7 31. Nd4 Nd5 32. e6+ Ke8 33. d7+ Ke7 34. Nc6+ Kxe6 35. Nxd8+ Kxd7 36. Bxg7 Kxd8 37. Bxh6 Nc3 38. g4 Ne2+ 39. Kf2 Nd4 40. Rd1 Ke7 41. Rxd4 Ke6 42. Rxa4 1-0

[Event "Corr"]
[Site "?"]
[Date "2001.09.24"]
[Round "?"]
[White "Venturas Bob"]
[Black "Kozleski Matt"]
[Result "1-0"]
[WhiteElo "1091"]
[BlackElo "1170"]
[PlyCount "45"]
[EventDate "2001.??.??"]
[Source "www.chesslib.no"]
[SourceDate "2004.05.04"]

1. e4 e5 2. Nf3 Nh6 3. d4 Nc6 4. Bxh6 gxh6 5. d5 Bb4+ 6. c3 Ba5 7. dxc6 bxc6 8. Nxe5 O-O 9. Ng4 Qg5 10. f3 d5 11. Qd4 Re8 12. Nf6+ Kf8 13. Nxh7+ Ke7 14. Nxg5 hxg5 15. Qc5+ Kd8 16. Qxa5 c5 17. Qxc5 Rh8 18. Qxd5+ Bd7 19. Qxa8+ Bc8 20. Ba6 Kd7 21. O-O Bxa6 22. Rd1+ Ke7 23. Qxh8 1-0

[Event "Schleswig Holstein-ch U16 Girls"]
[Site "?"]
[Date "2001.04.11"]
[Round "7"]
[White "Mohns Vivian"]
[Black "Czudaj Jessica"]
[Result "0-1"]
[WhiteElo "1149"]
[BlackElo "1067"]
[PlyCount "118"]
[EventDate "2001.??.??"]
[Source "www.chesslib.no"]
[SourceDate "2004.05.04"]

1. e4 e5 2. Nf3 Bc5 3. Bc4 Nf6 4. O-O Nc6 5. d3 d6 6. Ng5 O-O 7. Nc3 h6 8. Nf3 Bg4 9. h3 Bd7 10. Nd5 Nd4 11. Nxd4 Bxd4 12. c3 Bb6 13. Nxb6 axb6 14. Qe2 c6 15. Bb3 d5 16. exd5 cxd5 17. Qxe5 Bc6 18. Bd1 Qe8 19. Qg3 g5 20. h4 Nh7 21. f4 f6 22. fxg5 fxg5 23. Rxf8+ Qxf8 24. Be2 Qf6 25. Be3 b5 26. Rf1 Qg6 27. Qg4 Re8 28. h5 Qe6 29. Qxe6+ Rxe6 30. Rf3 d4 31. Rg3 dxe3 32. c4 Nf6 33. Kf1 bxc4 34. dxc4 Be8 35. Rh3 Re5 36. g4 b5 37. a3 Bd7 38. Rg3 Ne8 39. c5 Nc7 40. b3 Nd5 41. Bd3 Nf4 42. Be2 Nxe2 43. Kxe2 Rxc5 44. Rxe3 Bxg4+ 45. Kf2 Bxh5 46. Rd3 Kg7 47. Rd7+ Kg6 48. Rd6+ Kg7 49. Rd7+ Bf7 50. b4 Rf5+ 51. Kg3 h5 52. Ra7 Kf6 53. Ra6+ Be6 54. Ra8 h4+ 55. Kg4 Rf4+ 56. Kh5 h3 57. Rf8+ Ke5 58. Rh8 Rh4+ 59. Kxg5 Rxh8 0-1

[Event "Corr"]
[Site "?"]
[Date "1998.02.14"]
[Round "?"]
[White "Evans Steve"]
[Black "Keller Stephen G"]
[Result "0-1"]
[WhiteElo "1200"]
[BlackElo "1007"]
[PlyCount "66"]
[EventDate "1998.??.??"]
[Source "www.chesslib.no"]
[SourceDate "2004.05.04"]

1. e4 e5 2. Nf3 Bc5 3. Nxe5 Nf6 4. Qf3 Qe7 5. Qf4 d6 6. d3 dxe5 7. Qd2 Ng4 8. Be2 Bxf2+ 9. Kd1 Bb6 10. Rf1 Ne3+ 11. Qxe3 Bxe3 12. Bxe3 O-O 13. Nc3 Nc6 14. a4 Qb4 15. Kc1 Nd4 16. Bxd4 Qxd4 17. Nd1 Be6 18. Ra3 c5 19. Rf3 b6 20. h4 Bg4 21. Rf2 Bxe2 22. Rxe2 c4 23. dxc4 Qxc4 24. Rd2 Qxe4 25. h5 Qe1 26. Re3 Qf1 27. Rg3 Rfd8 28. h6 Qf4 29. Rgd3 Rxd3 30. cxd3 Rd8 31. Nf2 Qxh6 32. b3 f5 33. Kd1 e4 0-1

[Event "Corr"]
[Site "?"]
[Date "2005.07.11"]
[Round "?"]
[White "Ringbom Pasi"]
[Black "Forsyth Mark"]
[Result "1-0"]
[WhiteElo "1319"]
[BlackElo "877"]
[PlyCount "29"]
[EventDate "2005.??.??"]
[Source "www.chesslib.no"]
[SourceDate "2004.05.04"]

1. e4 e5 2. Nf3 Bc5 3. Nxe5 Qf6 4. d4 Bd6 5. Nf3 Nc6 6. e5 Bxe5 7. dxe5 Nxe5 8. Be2 d6 9. Nc3 Bg4 10. Nd5 Qd8 11. Nxe5 Bxe2 12. Qxe2 dxe5 13. Qxe5+ Ne7 14. Qxg7 Rg8 15. Nf6# 1-0

[Event "Corr"]
[Site "?"]
[Date "2001.02.21"]
[Round "?"]
[White "Poblete Litos"]
[Black "Chisum Daniel Ray"]
[Result "1-0"]
[WhiteElo "1187"]
[BlackElo "1001"]
[PlyCount "35"]
[EventDate "2001.??.??"]
[Source "www.chesslib.no"]
[SourceDate "2004.05.04"]

1. e4 e5 2. Nf3 Bd6 3. d4 f6 4. dxe5 fxe5 5. Bc4 Nc6 6. Ng5 Qe7 7. Nf7 Qxf7 8. Bxf7+ Kxf7 9. O-O Bc5 10. Qd5+ Ke8 11. Qxc5 d6 12. Qc4 Kf8 13. f4 exf4 14. Bxf4 Nf6 15. Nc3 Ke7 16. Nd5+ Nxd5 17. exd5 Ne5 18. Bxe5 1-0

[Event "Corr"]
[Site "?"]
[Date "2004.03.30"]
[Round "?"]
[White "Foletta Ian"]
[Black "Kirby Robert"]
[Result "0-1"]
[WhiteElo "1150"]
[BlackElo "1016"]
[PlyCount "40"]
[EventDate "2004.??.??"]
[Source "www.chesslib.no"]
[SourceDate "2004.05.04"]

1. e4 e5 2. Nf3 Bd6 3. Nc3 Nf6 4. Bd3 Nc6 5. O-O O-O 6. b3 a6 7. a4 Bc5 8. Nd5 Nxd5 9. exd5 Nb4 10. Bc4 e4 11. c3 Qf6 12. Ba3 exf3 13. Rb1 fxg2 14. Re1 Bxf2+ 15. Kxg2 Bxe1 16. Qf3 Qg6+ 17. Kf1 Qxb1 18. Bxb4 Bxd2+ 19. Ke2 Qe1+ 20. Kd3 d6 0-1

[Event "Corr"]
[Site "?"]
[Date "2001.09.18"]
[Round "?"]
[White "Dubé Jonathan"]
[Black "Stoddard Jefferson"]
[Result "1-0"]
[WhiteElo "1016"]
[BlackElo "1063"]
[PlyCount "47"]
[EventDate "2001.??.??"]
[Source "www.chesslib.no"]
[SourceDate "2004.05.04"]

1. e4 e5 2. Nf3 Bc5 3. Nxe5 Nc6 4. Nd3 Nf6 5. Nxc5 Nxe4 6. Nxe4 d5 7. Ng3 b6 8. c4 O-O 9. Nc3 g6 10. cxd5 Ne7 11. Nge4 Nf5 12. d4 Qe8 13. Bb5 Bd7 14. O-O a6 15. Nf6+ Kh8 16. Nxe8 Raxe8 17. Bxd7 Rd8 18. Bxf5 gxf5 19. Qh5 Rg8 20. Qxf5 Rdf8 21. Bh6 Rg7 22. Qf6 Rfg8 23. Rae1 Rd8 24. Qxg7# 1-0

[Event "Vaihingen/Enz"]
[Site "?"]
[Date "2003.02.01"]
[Round "5.10"]
[White "Reichert Jana"]
[Black "Pfisterer Nicolai"]
[Result "0-1"]
[WhiteElo "953"]
[BlackElo "1073"]
[PlyCount "54"]
[EventDate "2003.??.??"]
[Source "www.chesslib.no"]
[SourceDate "2004.05.04"]

1. e4 e5 2. Nf3 Bd6 3. d4 exd4 4. Qxd4 Nf6 5. Bg5 Nc6 6. Qc3 Qe7 7. Bd3 Ne5 8. Nbd2 h6 9. Bf4 Nxf3+ 10. Nxf3 Bxf4 11. Qd4 d6 12. Nd2 Be5 13. Qb4 c5 14. Qb3 Be6 15. Bc4 Bxc4 16. Qa4+ b5 17. Qa3 O-O 18. Rb1 b4 19. Qe3 d5 20. Nxc4 dxc4 21. b3 Bd4 22. Qe2 Qxe4 23. Qxe4 Nxe4 24. bxc4 Bc3+ 25. Ke2 Rfe8 26. Kd1 Nxf2+ 27. Kc1 Nxh1 0-1

[Event "Corr"]
[Site "?"]
[Date "2000.12.31"]
[Round "?"]
[White "Giusti Luca"]
[Black "Hocks Trevor"]
[Result "0-1"]
[WhiteElo "1000"]
[BlackElo "1015"]
[PlyCount "38"]
[EventDate "2000.??.??"]
[Source "www.chesslib.no"]
[SourceDate "2004.05.04"]

1. e4 e5 2. Nf3 Bc5 3. c3 Nf6 4. d4 exd4 5. cxd4 Bb4+ 6. Nc3 Nxe4 7. Qe2 d5 8. a3 Bxc3+ 9. bxc3 O-O 10. g3 Re8 11. Be3 Nxc3 12. Qd3 Ne4 13. Be2 Nc6 14. O-O Bg4 15. Qb3 Qf6 16. Qxb7 Nc3 17. Rfe1 Nxe2+ 18. Rxe2 Qxf3 19. Rb2 Bh3 0-1

[Event "Corr"]
[Site "?"]
[Date "2002.03.22"]
[Round "?"]
[White "Dunphy Patrick"]
[Black "Collet Alfred"]
[Result "1-0"]
[WhiteElo "1026"]
[BlackElo "984"]
[PlyCount "27"]
[EventDate "2002.??.??"]
[Source "www.chesslib.no"]
[SourceDate "2004.05.04"]

1. e4 e5 2. Nf3 Bd6 3. Bc4 a6 4. d4 Nc6 5. Ng5 Nh6 6. Nf3 exd4 7. Nxd4 Be5 8. Nxc6 bxc6 9. f4 Bd6 10. O-O Bc5+ 11. Kh1 d6 12. f5 Ng8 13. Qh5 Bb7 14. Qxf7# 1-0